| 000 | 00593nam a22001937a 4500 | ||
|---|---|---|---|
| 003 | DO-SdBNP | ||
| 005 | 20180215152058.0 | ||
| 008 | 170113b 1999 sp |||| 00| 0 spa d | ||
| 020 | _a844880869X | ||
| 040 |
_6BPMSU _8spa _aBPMSU _cdr |
||
| 100 | _aCain, Sheridan | ||
| 245 |
_a¿ Dónde dormirás pequeña liebre? / _cSheridan Cain ; ilustrado Sally Persy |
||
| 260 |
_aBarcelona : _bEdiciones Beascoa, _c1999 |
||
| 300 |
_a[14 p.] : _bils. ; _c23 cm. |
||
| 700 |
_aPersy, Sally _eils |
||
| 942 |
_2ddc _cBK |
||
| 945 | _a Inventariado, 2018 / BT | ||
| 956 |
_aVMATEO _b10 _c20170114 _dBPMSU _f0069 |
||
| 999 |
_c12447 _d12447 |
||